000 00440nam a2200169Ia 4500
008 231217s9999 xx 000 0 und d
020 _a8178812096
041 _aEnglish
082 _a332.6 SEE;1 R
100 _aSeethapathi, K ed. Suryanarayana, A ed. Subbulakshmi, V ed.
245 0 _aPortfolio structuring
250 _a1st ed.
260 _c2002
_bICFAI Press
_aHyderabad
300 _ax, 204
650 _aICFAI
942 _cAA
999 _c181556
_d181556